1488 1185 1135 1147 1166 1929 1888 1737 1746 1527 1365 1677 1862 1184 1066 1983 1624 1838 1723 1854 1236 1514 1292 1163 1765 1159 1195 1635 1107 1291 1232 1728 1443 1615 1551 1054 1251 1910 1819 1580 1764 1715 1575 1015 1168 1857 1582 1256 1150 1189 1340 1487 1812 1135 1470 1214 1455 1193 1279 1712 1517 1848 1152 1123 1976 1003 1556 1908 1889 1998 1759 1593 1141 1242 1996 1868 1523 1611 1820 1979 1046 1111 1473 1970 1062 1720 1179 1034 1099 1742 1231 1607 1326 1430 1952 1942 1390 1600 1073 BCNSPRNW ULIB Ver.6.0+V

เปลี่ยนเป็นภาษาไทย

Change to English
 แสดงรายละเอียดบรรณานุกรม
  กลับหน้าหลัก

Brief Record : Get Marc (ISO 2709) : E-mail record : QR code < ปิดหน้าต่าง
LEADER : 00000nam 2200000uu 4500
001    13399113644
003     ULIB
008    111209s2547||||th 000 0 tha d
020    ^a9743233091
090    ^aนว.^bบ896ย 2547
100    ^aแบลดเลย์, เจมส์
245    ^aยุทธภูมินรกอโวจิมา = Flags of our fathers/^cแบลดเลย์, เจมส์
250    ^aพิมพ์ครั้งที่ 1
260    ^aกรุงเทพฯ :^bมติชน,^c2547
300    ^a335 หน้า
710 1  ^aมติชน
945    ^p220^l0^i021597
995    ^aทศพร
999 ^a ทศพร
รายการนี้ยังไม่มีแท็ก
คุณยังไม่ได้ล็อกอิน คุณสามารถมีกิจกรรมร่วมกับเว็บไซต์ได้ แต่ต้องล็อกอินก่อน ::
  ล็อกอิน

รายการสื่อสารสนเทศ

ลำดับที่ ประเภท เลขเรียก/บาร์โค้ด สถานที่ สถานะ
1. นวนิยาย
นวนิยาย
นว. บ896ย 2547 ฉ.1 
  Barcode: 021597
ห้องสมุดวิทยาเขตสวรรค์ประชารักษ์
►นวนิยาย
บนชั้น
  ขอยืม

BibComment


ยังไม่เคยถูกคอมเมนท์

คอมเมนท์ทรัพยากรรายการนี้
  คอมเมนท์: ยุทธภูมินรกอโวจิ..


 Copyright 2026. Bcnsprnw @Library